=LDR 00000nam 2200000 4500 =001 NUTBA000000000004118 =005 20240627113253 =035 ##$$a 0010-091400000000151 =008 240627################g##########0#ind## =020 ##$$a 978-979-1474-84-9 =040 ##$$a NBPDMAT =082 ##$$a 540.76 =084 ##$$a 540.76 Sum j =100 ##$$a Sumarjono =245 1#$$a Jawara Kimia SMA : kumpulan lengkap dateri dan rumus /$c Sumarjono; penyunting, Koko M =260 ##$$a Jakarta :$b Media Pusundo,$c 2010 =300 ##$$a viii, 220 hlm. : $b ilus. ; 14 cm. =500 ##$$a Bibliografi : hlm. 220 =650 #4$$a Kimia-SMA-soal,dsb =700 #$$a Koko M =990 ##$$a 21410172 =990 ##$$a 21410173 =990 ##$$a 21410174 =990 ##$$a 21410175 =990 ##$$a 21410176 =990 ##$$a 01201803057 =990 ##$$a 21410258 =990 ##$$a 1202401221